00924nam a22002057a 4500003000900000008004100009020001500050040007100065082002000136100001900156245007100175260005800246300003000304440004000334505018500374650003400559650002600593650005200619710004700671AR-CdUCM190306b ||||| |||| 00| 0 spa d a8472325113 aMUNICIPALIDAD PROVINCIAL DEL CUSCOcBIBLIOTECA MUNICIPAL DEL CUSCO a869.26 / bM84 aMontiel, Luis  aCon los ojos de Perséfone : buna lectura de Ernesto Sábato /  aMadrid : bEdiciones de Cultura Hispánica, c1989.  a95 páginas ; c23.5 cm. aCuadernos de Documentación n : 2 aContenido: Al lector, ante el jeroglífico (a modo de introdución) -- Si un día, o una noche, un demonio -- El infierno del autoconocimiento -- Con los ojos de Perséfone ... aAutores argentinos - Siglo XX aAnálisis y discurso aErnesto Sábato - Crítica e interpretación a.Instituto de Cooperación Iberoamericana